000 00543nam a2200205Ia 4500
003 GCL
008 140319s9999 xx 000 0 eng d
040 _aGCL /
_cGCL
082 0 4 _a005.3
_bG U
100 1 _aGRACE, RICH
245 1 0 _aUSING POWER POINT FOR WINDOWS 95: THE MOST COMPLETE REFERENCE /
_cGRACE, RICH
700 1 _aDARNELL, RICK
260 _a[S.N] :
_bQUE ،
_c1995
300 _a813 P
650 0 4 _aشعر الحرب
650 0 4 _aPROGRAMMING LANGUAGE
650 0 4 _aPOWER POINT
650 0 4 _aWINDOWS 95
942 _2ddc
_cBK
999 _c13606
_d13606